Porovnanie hospodárskeho výsledku podľa IFRS 4 a IFRS 17 pre produkt životného poistenia unit-linked

Guardado en:
Detalles Bibliográficos
Autor principal: Zelinová, Silvia, 1987-
Formato: Capítulo de libro
Lenguaje:inglés
Materias:
Etiquetas: Agregar Etiqueta
Sin Etiquetas, Sea el primero en etiquetar este registro!

MARC

LEADER 00000naa$a2200000$$$4500
001 0289235
005 20240502074430.2
041 0 |a eng 
044 |a SK 
245 1 0 |a Porovnanie hospodárskeho výsledku podľa IFRS 4 a IFRS 17 pre produkt životného poistenia unit-linked  |c Silvia Zelinová 
500 |a Abstrakt 
610 2 0 |a IFRS 
610 2 0 |a marža 
610 2 0 |a poistenie životné 
100 1 |a Zelinová, Silvia, 1987-